000 00531nam a2200193Ia 4500
005 20250326141457.0
008 250326s9999 xx 000 0 und d
037 _aTextbook
040 _aFMSL
_beng
_cFMSL
041 _aeng
_2eng
084 _aX9B N0
_qFMSL
100 _aPickle Hal B
_9460874
245 0 _aSmall Business management
_cPickle Hal B; Abrahamson Royce L
250 _a5
260 _aNew York
_bNew York, John Wiley
_c1990
300 _axix,702
942 _cTB
_hX9B N0
999 _c1290489
_d1290489